Quiz o Siedlcach - Statystyki

Ogólne statystyki
  • Ten quiz został rozwiązany 30 razy
    29 od ostatniego zresetowania
  • Średni wynik to 12 z 20
Statystyki odpowiedzi
Wskazówka Odpowiedź % Poprawnych
Tablica rejestracyjna tego miasta WS
100%
Klub piłkarski Siedlec Pogoń Siedlce
95%
Jak brzmi hasło promocyjne Siedlec? Siedlce - {Miasto przyjazne}
91%
Jak się nazywa gazeta lokalna Siedlec, wydawana od 1983? Tygodnik Siedlecki
91%
Powiaty, których siedzibą są Siedlce powiat {siedlecki}
86%
Wiek, w którym Siedlce zostały założone XV (1448)
86%
Wiek, w którym Siedlce otrzymały prawa miejskie XVI (1547)
86%
Rzeki, które przepływają przez Siedlce Muchawka
82%
Co utworzyli Niemcy w 02.08.1941 dla żydowskich mieszkańców? getto
77%
Prezydent Siedlec Tomasz Hapunowicz
77%
Powiaty, których siedzibą są Siedlce na prawach powiatu {Siedlce}
68%
W którym roku, w Siedlcach odnotowano najniższą temperaturę w Polsce? (-41°C) 1940
55%
Województwo, w którym leżały Siedlce przed II wojną światową lubelskie
41%
Rzeki, które przepływają przez Siedlce Helenka
36%
W jakiej historycznej krainie leżała powyższa ziemia? Małopolska
32%
Na jakiej ziemi Siedlce były najbardziej wysuniętą miejscowością? ziemia {łukowska}
27%
Drogi wojewódzkie, które są w Siedlcach DW {698}
14%
Drogi wojewódzkie, które są w Siedlcach DW {803}
14%
Siedlce są największym miastem bez sklepu ___ ABC
9%
Na jakim prawie Siedlce otrzymały prawa miejskie? prawo {magdeburskie}
9%
Nie znaleziono quizów pasujących do podanych kryteriów
Rozkład punktacji
Procent ludzi z każdym wynikiem
Percentyl według liczby udzielonych odpowiedzi
Twoja historia wyników
Nie rozwiązałeś tego quizu od ostatniego zresetowania